000
00258nam a2200109Ia 4500
008
230917s9999||||xx |||||||||||||| ||und||
040
_e
240331
_a
MAIN
041
_a
English
100
_a
Genda Singh
245
0
_a
Kuliar bhai Nand Lal(Urdu book)
942
_c
BK
999
_c
226235
_d
226235